La Russie et l'Europe

Sábháilte in:
Sonraí bibleagrafaíochta
Formáid: LEABHAR
Teanga:Fraincis
Foilsithe / Cruthaithe: París Gallimard 1954
Ábhair:
Clibeanna: Cuir clib leis
Níl clibeanna ann, Bí ar an gcéad duine le clib a chur leis an taifead seo!

MARC

LEADER 00000nam a2200000 a 4500
001 UCZ6117
003 CL-VaPUC
005 20231102094543.0
008 951201e19540000FR |||||||||||||||||fre|d
999 |c 242373  |d 242371 
040 |c Pontificia Universidad Católica de Valparaíso 
082 0 4 |a 947  |b MAR  |2 21 
245 1 3 |a La Russie et l'Europe 
260 |a París  |b Gallimard  |c 1954 
300 |a 259 p 
583 |a last modification  |c 19951201 00:00:00  |k Rodrigo Vera 
650 7 |a HISTORIA RUSA  |2 CL-VaPUC  |9 350333 
650 0 |a Política  |9 255312 
650 0 |a Ideologías  |9 255200 
650 7 |a FILOSOFIA POLITICA  |2 CL-VaPUC  |9 350334 
651 0 |a Rusia   |9 256106 
651 0 |a Inglaterra  |9 255158 
942 |c BK  |2 ddc 
945 |d 19951201 00:00:00  |a cmena 
952 |0 0  |1 0  |4 0  |6 947_000000000000000_MAR_1954  |7 0  |8 P  |9 255255  |a BIBEDU  |b BIBEDU  |c BIBEDU_PB  |d 2019-11-19  |i 1600974  |o 947 MAR 1954  |p 1600974  |r 2024-01-25  |w 2019-11-19  |y BK  |k FIL